José Campeche y su tiempo = José Campeche and his time (Record no. 10872)

MARC details
000 - LÍDER
campo de control de longitud fija 01395nam a2200241Ia 4500
008 - ELEMENTOS DE DATOS DE LONGITUD FIJA - INFORMACIÓN GENERAL
campo de control de longitud fija 0000001989 pr ad 0000000000spa00
090 ## - NÚMERO DE LLAMADA DE TIPO LC LOCALMENTE ASIGNADO (OCLC)
Número de clasificación (OCLC) (R) PPR00 J67j
245 10 - TÍTULO DECLARACIÓN
Título José Campeche y su tiempo = José Campeche and his time
Declaración de responsabilidad / traducción Anne Catesby Jones, René Taylor
260 ## - PUBLICACIÓN, DISTRIBUCIÓN
Lugar de publicación Ponce (Puerto Rico) : Museo de Arte de Ponce
Fecha de publicación 1989
300 ## - DESCRIPCIÓN FÍSICA
Alcance 224 p.
Dimensiones / 28 cm.
500 ## - NOTA GENERAL
Nota general Exposición realizada en: Museo de Arte de Ponce, enero 15 a mayo 15 de 1988, en The Metropolitan Museum of Art, junio 14 a septiembre 25 de 1988 y en Instituto de Cultura Puertoririqueña, octubre 21 de 1988 a enero 7 de 1987 \ Texto bilingue : español inglés \ Registro auspiciado por la FGAA. Bogotá
501 ## - Con nota
Con nota El Puerto Rico de José Campeche = The Puerto Rico of José Campeche / René Taylor El artista = The artist / René Taylor La restauración de la obra de Campeche = The restoration of the Campeche paintings / Lydia (v Quigley
600 00 - ENTRADA DE SUJETO AÑADIDO - NOMBRE PERSONAL
Nombre de la persona CAMPECHE Y JORDáN, JOSÉ, 17511809/
Subdivisión general TRABAJOS PICTORICOS
650 14 - ENTRADA DE SUJETO AÑADIDO - TÉRMINO TÓPICO
Término tópico o elemento de entrada del nombre geográfico ARTE CONTEMPORANEO PUERTORRIQUEÑO
650 14 - ENTRADA DE SUJETO AÑADIDO - TÉRMINO TÓPICO
Término tópico o elemento de entrada del nombre geográfico ARTISTAS PLASTICOS PUERTORRIQUEÑOS
650 14 - ENTRADA DE SUJETO AÑADIDO - TÉRMINO TÓPICO
Subdivisión general CATALOGOS
650 14 - ENTRADA DE SUJETO AÑADIDO - TÉRMINO TÓPICO
Subdivisión general EXPOSICIONES
650 14 - ENTRADA DE SUJETO AÑADIDO - TÉRMINO TÓPICO
Término tópico o elemento de entrada del nombre geográfico PINTORES PUERTORRIQUEÑOS
650 14 - ENTRADA DE SUJETO AÑADIDO - TÉRMINO TÓPICO
Término tópico o elemento de entrada del nombre geográfico PINTURA DE RETRATOS
650 14 - ENTRADA DE SUJETO AÑADIDO - TÉRMINO TÓPICO
Término tópico o elemento de entrada del nombre geográfico PINTURA PUERTORRIQUEÑA
650 14 - ENTRADA DE SUJETO AÑADIDO - TÉRMINO TÓPICO
Término tópico o elemento de entrada del nombre geográfico PINTURA RELIGIOSA
700 1# - ENTRADA AGREGADA - NOMBRE PERSONAL
Nombre de la persona Catesby, Anne \ Taylor, René \ Quigley, Lydia (v
Holdings
Estado de retirada Pérdida de estatus Estado dañado No para préstamo Código de recogida Ubicación permanente Ubicación actual Ubicación de las estanterías Fecha de adquisición Número de llamada completo Código de barras Fecha de la última vez que se vio Número de copia Precio efectivo desde Tipo de artículo Koha
        General ArtNexus ArtNexus General 06/09/2022 P-PR-00 J67J 10972 06/09/2022 Ej.1 06/09/2022 Libro

Powered by Koha